| 000 | 00330nam a22001337a 4500 | ||
|---|---|---|---|
| 020 | _a1858301327 | ||
| 082 |
_a567.91 _bGRA _cN-01, P-40 |
||
| 245 | _aDinosaurspop-up book | ||
| 260 |
_aLondon _bGrandreams _c1995 |
||
| 300 |
_bill. _c22 cm |
||
| 526 |
_a0 _b0 _c0 _d567_910000000000000_GRA |
||
| 650 |
_aNUST _96342 |
||
| 942 |
_2ddc _cBK |
||
| 999 |
_c550150 _d550150 |
||